| 000 | 00550nam a2200181Ia 4500 | ||
|---|---|---|---|
| 008 | 220216s9999 xx 000 0 und d | ||
| 100 | _aNugawela R.C.W.M.R.A | ||
| 245 | 0 | _aImpact of certain biological and environmental factors on the incidence of tapping panel dryness in Hevea brasiliensis | |
| 260 |
_bRubber Science _c2020 |
||
| 300 | _a253-261 | ||
| 650 | _aAgro-climatic regions | ||
| 650 | _aClones | ||
| 650 | _aStimulation | ||
| 650 | _aTapping panel dryness | ||
| 650 | _aTapping systems | ||
| 700 | _aWijesuriya B.W | ||
| 942 | _cJS | ||
| 999 |
_c60708 _d60708 |
||